000
00211 a2200097 4500
001
2619
100
_a
Gartmann, H
245
_a
The men behind the space rockd
260
_a
_b
Weidenfeld
_c
090
_c
1916
_d
1916
942
_a
NUST-CAE
_c
M
_c
10180
999
_c
237692
_d
237692